Statistiques concernant Culture Générale - Série 266

Cliquez ici pour prendre le quiz!

Statistiques générales

  • Ce quiz a été pris 181 fois
  • Le résultat moyen est 3 sur 10

Statistiques - réponses

QuestionRéponse% Correct
Quel est l'animal dont la corne désigne une pâtisserie orientale en forme de croissant ?La gazelle
82%
A quel type de vaisseaux sanguins les carotides appartiennent-elles ?Les artères
65%
Quel était le surnom du duc de Normandie et roi d'Angleterre Guillaume Ier ?Le Conquérant
60%
Quel mot complète la liste : caillou, chou, genou, hibou, joujou, pou ?Bijou
45%
Comment appelle-t-on les habitants de Carcassonne ?Les Carcassonnais
43%
Quelle actrice fétiche d'Alain Resnais a joué dans "Smoking / No Smoking" ?Sabine Azéma
26%
Quel héros grec dompta Pégase et vainquit les Amazones ?Bellerophon
8%
Qui a écrit "La culture, c'est comme la confiture, moins on en a, plus on l'étale" ?Françoise Sagan
7%
Quel professeur Michel Simon et Gérard Philipe incarnent-ils dans "La Beauté du diable" ?Faust
5%
Qui a écrit "La critique est aisée mais l'art est difficile" ?Destouches
1%

Distribution des résultats

Percentile par nombre de réponses

% des personnes avec chaque résultat

Votre développement - résultats

Vous n’avez pas pris ce quiz